ბათუმის შოთა რუსთაველის სახელმწიფო უნივერსიტეტის ბიბლიოთეკა

Введение в теорию келеровых многообразии (ბიბ.ჩანაწერი № 48207)

000 -LEADER
fixed length control field 00706nam a2200205Ia 4500
001 - CONTROL NUMBER
control field 15089
003 - CONTROL NUMBER IDENTIFIER
control field GE_BSU
008 - FIXED-LENGTH DATA ELEMENTS--GENERAL INFORMATION
fixed length control field 181216s||||||||xx |||||||||||||| ||und||
040 ## - CATALOGING SOURCE
Transcribing agency GE_BSU
080 ## - UNIVERSAL DECIMAL CLASSIFICATION NUMBER
Universal Decimal Classification number 512.7
100 ## - MAIN ENTRY--PERSONAL NAME
Personal name Вейль,Андре
245 ## - TITLE STATEMENT
Title Введение в теорию келеровых многообразии
245 ## - TITLE STATEMENT
Statement of responsibility, etc. Под.ред.И.И.Пятецкого-Шапиро. Пер. с франц. С.Г.Гиндикина
260 ## - PUBLICATION, DISTRIBUTION, ETC.
Place of publication, distribution, etc. Москва
260 ## - PUBLICATION, DISTRIBUTION, ETC.
Name of publisher, distributor, etc. Изд-во Иностранной литературы
260 ## - PUBLICATION, DISTRIBUTION, ETC.
Date of publication, distribution, etc. 1961
300 ## - PHYSICAL DESCRIPTION
Extent 219стр.20см.
653 ## - INDEX TERM--UNCONTROLLED
Uncontrolled term Введение в теорию келеровых многообразии
942 ## - ADDED ENTRY ELEMENTS (KOHA)
Koha item type წიგნი
ეგზემპლარები
Withdrawn status Lost status Damaged status Not for loan Date acquired Barcode Date last seen Price effective from Koha item type
        2018-12-17 15762 2018-12-17 2018-12-17 წიგნი